| 000 | 00821nam a2200193Ii 4500 | ||
|---|---|---|---|
| 003 | JO-AjNU | ||
| 008 | 230605s9999||||xx |||||||||||||| ||und|| | ||
| 040 |
_aJO-AjNU _bara _erda _cJO-AjNU |
||
| 041 | _aara | ||
| 050 | 1 | 4 | _aPJ6101.R852 1984 |
| 100 | 3 |
_aتاليف الرماني، الحسن علي بن عيسى؛ تحقيق ابراهيم السامرائي, _eauthor _940561 |
|
| 245 | 0 | 0 | _aرسالتان في اللغة لأبي الحسن علي بن عيسى الرماني:-1منازل الحروف 2-الحدود |
| 264 | 3 | 1 | _aعمان:دار الفكر للنشر والتوزيع،1984 |
| 300 | _a88ص | ||
| 336 |
_atext _btxt _2rdacontent |
||
| 337 |
_aunmediated _bn _2rdamedia |
||
| 338 |
_avolume _bnc _2rdacarrier |
||
| 650 | 4 |
_aاللغة العربية-اللغة-رسالتان في اللغة _940562 |
|
| 999 |
_aA17224 _c20792 _d20792 |
||